000 00611aam a2200205 4500
001 7372
003 Uk
005 20250619152310.0
006 m || d |
007 cr |||||||||||
008 040401s2004 enka ob 001 0 eng
020 _a97808240823030
082 0 4 _a270 ARA
100 1 _aAragon, Lorraine V.
245 1 0 _aFields of the lord :
_canimism, Christian minorities, and state development in Indonesia.
260 _aHawaii :
_bUniversity of Hawaii Press,
_c2000.
300 _axi, 369 p. :
_bill, :
_c25 cm.
504 _aIncludes bibliographical references and index.
942 _2ddc
_cMAIN
999 _c10394
_d10395